000 00806nam a2200277 a 4500
003 AR-BaBNM
005 20251128203324.0
008 082120s2002 ||||||||||||||000 | spa||
040 _cAR-BaBNM
100 1 _aTortorelli, Lucas A.
245 0 0 _aLo biológico y lo económico en parques nacionales
260 _aBuenos Aires
_bMinisterio de Agricultura y Ganadería de la Nación
_c1955
300 _ap. irreg.
_bláms.
650 4 _aBIOLOGIA
650 4 _aECONOMIA
650 4 _aRECURSOS FORESTALES
650 4 _aBOSQUES
650 4 _aTECNOLOGIA DE LA MADERA
650 4 _aCIENCIAS FORESTALES
650 4 _aINDUSTRIA FORESTAL
650 4 _aPARQUES NACIONALES
651 4 _aArgentina
710 1 _aArgentina
_bAdministración General de Parques Nacionales
942 _cBK
998 _cCarmen
999 _c2890
_d2890